000 00375nam a22001337a 4500
003 SGT
020 _a97893577589700
082 _a891.4309
_bK23S
100 _aसिन्हा, मुग्धा
245 _aक्या कहूँ मैं, मैं कौन हूँ
260 _b वाणी प्रकाशन
_c2023
300 _a138
942 _2ddc
_cBK
999 _c31412
_d31412